| 000 | 00809cam a22002415a 4500 | ||
|---|---|---|---|
| 999 |
_c4972 _d4972 |
||
| 005 | 20190613134503.0 | ||
| 008 | 190423t2005 njua fr 001 0 eng d | ||
| 020 | _a0131276778 | ||
| 020 | _a9780131276772 | ||
| 040 |
_aEG-ScBUE _beng _cEG-ScBUE _dEG-ScBUE |
||
| 082 | 0 | 4 |
_a658.3 _bDES _222 |
| 100 | 1 |
_aDessler, Gary, _933129 |
|
| 245 | 1 | 0 |
_aHuman resource management / _bGary Dessler. |
| 250 | _a10th ed., International ed. | ||
| 260 |
_aUpper Saddle River, N.J. : _bPearson / Prentice Hall, _cc.2005. |
||
| 300 |
_axxvi, 725 p. : _bill. (some col.) ; _c28 cm. |
||
| 504 | _aIncludes bibliographical references and indexes. | ||
| 541 | _aDr. Mahitab Shahin ; | ||
| 650 | 7 |
_aPersonnel management. _2BUEsh |
|
| 651 | _2BUEsh | ||
| 653 |
_bBUSADM _cApril2019 _cJune2019 |
||
| 942 | _2ddc | ||